00723nam a2200157 i 4500001000700000003000900007005001700016008004100033100004200074245018900116260006900305300002100374650002900395710004700424852009400471157206ES-MaACL20250809031526.0991028s1888 sp |||| | spa d1 aLastres y Juiz, Francisco,d1848-191814aLos actos de comercio y la jurisdicción mercantil b: conferencia pronunciada en el Círculo de la Unión Mercantil de Madrid el día 3 de abril de 1888 /cpor Francisco Lastres. aMadrid : b[s.n.], c1888 (fTip. de Manuel Ginés Hernández) a20 p. ; c23 cm. 7aDerecho mercantil2embne2 aCírculo de la Unión Mercantil (Madrid) aES-MaACLjT-539-F-4 z- Enc. hol. q- Falto de cub. original z- Enc. en un vol. facticio